00352nam a2200133Ia 4500100002000000942000700020654001300027245001300040260003000053300000800083546001200091999001700103952009800120 aVasishtha/A.R.  cBK aMatrices aMatrices bKrishna prakashanaMeerut a376 aENGLISH c21174d21174 001040708AFTaCRCEbCRCEc1493 | 10d2023-03-17l0o pAFT6607r2023-03-17w2023-03-17yBK